00711nam a2200181 i 450000100060000000300090000600500170001500700030003200800410003510000540007624501330013026000340026330000220029770000390031985200320035899900170039095201220040785312ES-MaACL20240118063004.0t|041126s1967 sp ||||1| spa d1 aJovellanos, Gaspar Melchor de,d1744-1811922258010aEspectáculos y diversiones públicas en España / cGaspar Melchor de Jovellanos ; [edición de Camilo G. Suárez-Llanos]. aSalamanca : bAnaya, c[1967] a129 p. ; c17 cm.1 aSuárez-Llanos, Camilo G.9108637 aES-MaACLjC-34507 bR.65062 c85312d85312 00104070aATENEOMbATENEOMcDEPO2d2008-01-17eSCl0oC-34507p1089151r2023-02-23 00:00:00w2023-02-23yMONOGRAFIA